000 01387nam a22001937a 4500
999 _c59747
_d59747
003 Ge_BSU
005 20230410141810.0
008 230410s1976 ge ||||| |||| 00| 0 geo d
041 _ageo
080 _a902.2(479.221.13) წ-53
100 _aწითლანაძე, ლეილა
_917561
245 _aხევის არქეოლოგიური ძეგლები :
_bყაზბეგის განძი /
_c ლეილა წითლანაძე ; ივ. ჯავახიშვილის სახ. ისტორიის არქეოლოგიისა და ეთნოგრაფიის ინ-ტი.საქართველოს არქეოლოგიური კომისია.
264 _aთბილისი :
_bმეცნიერება,
_c1976.
300 _a114 გვ. :
_b18 ფ. ილ. ;
_c21 სმ.
653 _aარქეოლოგიური გათხრები ხევში
700 _aლორთქიფანიძე, ო.
_eრედაქტორი
_917578
710 _aივ. ჯავახიშვილის სახ. ისტორიის არქეოლოგიისა და ეთნოგრაფიის ინ-ტი.
_bსაქართველოს არქეოლოგიური კომისია.
_917579
942 _2udc
_cBK